• 首页
  • 本馆介绍
  • 公告通知
  • 最新文献
  • 馆藏检索
  • 电子资源
  • 读者导购
  • 参考咨询
  • 我的图书馆
  • 登录
  • 详细信息显示
  • 放入我的书架
  • 预约/预借图书
  • 作者相关作品
  • 分类相关作品
  • 丛书相关作品
  • 出版社相关作品

书目信息

  • 表格格式
  • 工作单格式
  • 卡片格式
题名:
边城
    
 
作者: 沈从文 著
分册:  
出版信息: 杭州   浙江教育出版社  2016
页数: 347页
开本: 21cm
丛书名: 语文新课标基础必读丛书
单 册:
中图分类: I247.7 , I246.7
科图分类:
主题词: 短篇小说--duan pian xiao shuo--小说集--中国--当代
电子资源:
ISBN: 978-7-5536-4427-1
000 00846nam0 22002651 450
001 1738611416
005 20170628112309.60
010    @a978-7-5536-4427-1@dCNY29.80
100    @a20160819d2016 em y0chiy50 ea
101 0  @achi
102    @aCN@b330000
105    @ay z 000ay
106    @ar
200 1  @a边城@9bian cheng@e沈从文小说菁华@f沈从文著
210    @a杭州@c浙江教育出版社@d2016
215    @a347页@d21cm
225 2  @a语文新课标基础必读丛书@9yu wen xin ke biao ji chu bi du cong shu
461  0 @12001 @a语文新课标基础必读丛书
517 1  @a沈从文小说菁华@9shen cong wen xiao shuo jing hua
606 0  @a短篇小说@9duan pian xiao shuo@x小说集@y中国@z当代
690    @aI247.7@v5
690    @aI246.7@v4
701  0 @a沈从文@9shen cong wen@f(1902~1988)@4著
801  0 @aCN@bTANGWEI@c20170621
905    @b1016005-10@dI246.7@e90@f6
    
    边城:沈从文小说菁华/沈从文著.-杭州:浙江教育出版社,2016
    347页;21cm.-(语文新课标基础必读丛书)
    
    
    ISBN 978-7-5536-4427-1:CNY29.80
    
●
相关链接 在E读中查询图书 在五车中查询图书 在当当中查询图书 在豆瓣中查询图书


正题名:边城     索取号:I246.7/90         预约/预借

序号 登录号 条形码 馆藏地/架位号 状态 备注
1 1016005   210160056   第一样本阅览室/ [索取号:I246.7/90] 在馆    
2 1016006   210160065   教育系资料室/ [索取号:I246.7/90] 在馆    
3 1016007   210160074   教育系资料室/ [索取号:I246.7/90] 在馆    
4 1016008   210160083   教育系资料室/ [索取号:I246.7/90] 在馆    
5 1016009   210160092   第二借阅区/ [索取号:I246.7/90] 在馆    
6 1016010   210160109   第二借阅区/ [索取号:I246.7/90] 在馆    
唐山师范学院图书馆 欢迎您!
大连网信软件有限公司© 版权所有